| Tag |
First Indicator |
Second Indicator |
Subfields |
| LEADER |
00000cam a2200000 4500 |
| 001 |
in00000053554 |
| 005 |
20151008050311.0 |
| 008 |
750625s1964 ctu b 00010 eng u |
| 010 |
|
|
|a 64057429
|
| 035 |
|
|
|a (OCoLC)01409683
|
| 035 |
|
|
|9 AAG0354AM
|
| 040 |
|
|
|c FDA
|d TXA
|d UtOrBLW
|
| 049 |
|
|
|a TXAM
|c [469155]
|
| 050 |
0 |
0 |
|a DA190.E93
|b F5
|
| 082 |
0 |
|
|a 333.322
|
| 092 |
|
|
|a 333.32
|b F514d
|
| 100 |
1 |
|
|a Finn, R. Welldon
|q (Rex Welldon)
|
| 245 |
1 |
0 |
|a Domesday studies :
|b the Liber Exoniensis /
|c [by] R. Welldon Finn.
|
| 264 |
|
1 |
|a [Hamden, Conn.] :
|b Archon Books,
|c 1964.
|
| 300 |
|
|
|a x, 172 pages ;
|c 23cm.
|
| 336 |
|
|
|a text
|b txt
|2 rdacontent
|
| 337 |
|
|
|a unmediated
|b n
|2 rdamedia
|
| 338 |
|
|
|a volume
|b nc
|2 rdacarrier
|
| 500 |
|
|
|a On spine: The Liber Exoniensis.
|
| 504 |
|
|
|a Bibliography: pages [159]-163.
|
| 630 |
0 |
0 |
|a Liber Exoniensis.
|
| 651 |
|
0 |
|a Great Britain
|x History
|v Sources.
|
| 999 |
|
|
|a MARS
|
| 999 |
f |
f |
|s a6af1ec0-82f1-3466-8378-2c6eeb05ae87
|i 4dc0925a-33d0-36ab-97ab-a1dde1cb08ae
|t 0
|
| 952 |
f |
f |
|p ric
|a Texas A&M University
|b Rellis Campus
|c Joint Library Facility
|d Remote Storage
|t 0
|e DA190.E93 F5
|h Library of Congress classification
|i unmediated -- volume
|m A14800740194
|
| 998 |
f |
f |
|a DA190.E93 F5
|t 0
|l Remote Storage
|